Estudio de pre-factibilidad técnico y financiero para producir un champú natural y ecológico
Uloženo v:
| Hlavní autor: | |
|---|---|
| Médium: | Kniha |
| Jazyk: | Spanish |
| Vydáno: |
San José, Costa Rica
2014
|
| Témata: | |
| Tagy: |
Přidat tag
Žádné tagy, Buďte první, kdo vytvoří štítek k tomuto záznamu!
|
MARC
| LEADER | 00000nam a22000007a 4500 | ||
|---|---|---|---|
| 003 | 011893 | ||
| 005 | 20221231143902.0 | ||
| 008 | 150317b2014 c a|||| |||| 00| 0 spa d | ||
| 040 | |c cru CEDI | ||
| 090 | |a TFG 7059 | ||
| 100 | |9 512 |a Arauz Villegas, Tatiana | ||
| 245 | |a Estudio de pre-factibilidad técnico y financiero para producir un champú natural y ecológico | ||
| 260 | |a San José, Costa Rica |c 2014 | ||
| 500 | |a Proyecto de graduación (licenciatura en ingeniería química)--Universidad de Costa Rica. Facultad de Ingeniería. Escuela de Ingeniería Química | ||
| 650 | |x PRODUCTOS NATURALES |x PREPARACIONES PARA CABELLO |x CHAMPU |x PELO |9 513 | ||
| 942 | |c TFG | ||
| 999 | |c 13726 |d 13726 | ||
